000 00511nam a2200205 a 4500
001 BRCA_6161
005 20190320205344.0
008 060711s1945----ag-#######---#000-0#fre-#
041 _afre
044 _aag
050 4 _aQP86
_b.B48 1945
100 1 _aBesancon, Jean Julien
_915526
245 1 0 _aLes jours de l’homme.
_cDocteur Besancon.
260 _aBuenos Aires, Argentina
_bHachette
_c1945
300 _a142 p.
_c19 cm.
500 _aK44
650 1 4 _aVejez
_915527
902 _aGFM
942 _2lcc
_cB
999 _c5848
_d5848